000 00496nam a2200181 4500
999 _c7846
_d7846
008 020301s1937 us eng
020 _a0802495567
100 1 _aWilliams, Charles B.
245 1 0 _aThe New Testament in the language of the people /
_cCharles B. Williams.
260 _aChicago :
_bMoody Press,
_cc1937.
300 _a572 p.
336 _atext
337 _aunediated
338 _avolume
650 4 _aBible. N.T.
_xEnglish
_xVersions.
951 _x00009130
942 _2lcc
_cBK